Estudio para el mejoramiento de las propiedades del hierro fundido producido en Costa Rica

Wedi'i Gadw mewn:
Manylion Llyfryddiaeth
Prif Awdur: Mora Carli, Mario Enrique
Fformat: Traethawd Ymchwil Llyfr
Cyhoeddwyd: San José, Costa Rica 1987
Pynciau:
Tagiau: Ychwanegu Tag
Dim Tagiau, Byddwch y cyntaf i dagio'r cofnod hwn!

MARC

LEADER 00000nam a2200000Ia 4500
003 005257
005 20221231144326.0
008 140114s1988 cr a m 000 ||s d
040 |c cru CEDI 
090 |a TFG 2509 
100 |a Mora Carli, Mario Enrique  |9 12628 
245 |a Estudio para el mejoramiento de las propiedades del hierro fundido producido en Costa Rica 
260 |c 1987  |a San José, Costa Rica 
300 |a  vi, 210 hojas : ilustraciones ; 28 cm  
500 |a  Tesis (licenciatura en ingenieria mecanica)--Universidad de Costa Rica. Facultad de Ingeniería. Escuela de Ingeniería Mecánica  
502 |a ¿ 
650 |x HIERRO FUNDIDO  |9 12629 
942 |c TFG 
999 |c 20191  |d 20191